00242nam a2200097Ia 4500008004100000041000800041100002500049245001600074260003500090999001900125241105s9999 xx 000 0 und d aeng aDeshpande A.9107363 aEnergy Park bFinal Year B. Arch, BNCAc2005 c360150d360150